00295nam a2200109Ia 4500008004100000041000800041082002400049100001700073245003800090260004800128300000900176230411s9999 xx 000 0 und d aeng aF/610.73/FRE/B01857 aFrenay Agnes aUnderstanding Medical Terminology bCatholic Health AssociationaSt Louisc1984 a618p